Explicación de la doctrina christiana para instrucción de los jóvenes del orden de la Santísima Trinidad, redención de cautivos ...

Detalles Bibliográficos
Autor principal: DENCHE, Manuel ( Fray )
Formato: Libro
Publicado: Madrid 1785
Edición:2a imp.
Materias:
Colección:Banco de datos
Acervo:Biblioteca del Ex Convento de Nuestra Señora de Guadalupe. Zacatecas
Descripción Física:t. I
Tema general:Catequética
Notas:Buena. XI,10,4 (3801)
LEADER 00799nam a22002170004500
035 |a 42912 
036 |a 4096 
100 1 |a DENCHE, Manuel ( Fray ) 
245 1 0 |a Explicación de la doctrina christiana para instrucción de los jóvenes del orden de la Santísima Trinidad, redención de cautivos ... 
250 |a 2a imp. 
260 |a Madrid  |b imp. Joachim Ibarra  |c 1785 
300 |a t. I 
500 |a Buena. XI,10,4 (3801) 
650 1 0 |a Catequética 
949 |a CRZ-CG 
959 |a Ex convento de Nuestra Señora de Guadalupe, Museo Regional de Zacatecas, Zacatecas  |b CCC4 
960 |a Convento de Nuestra Señora de Guadalupe, Zacatecas  |b DD87 
961 |a Franciscana  |b OF 
942 |c CRZ-CG 
943 |g Biblioteca del Ex Convento de Nuestra Señora de Guadalupe. Zacatecas 
999 |c 967039  |d 967039